Most Popular NCS Drumstep Songs From Each Year 2013-2024 - Statistics

General Stats
  • This quiz has been taken 7 times
  • The average score is 9 of 11
Answer Stats
Year Creator Song Views % Correct
2016 K-391, Gjermund Olstad Earth 41M
100%
2014 Krale, Jasmina Lin, Jay Christopher Frontier 11M
100%
2015 Desmeon Hellcat 76M
100%
2013 Different Heaven, EH!DE My Heart 281M
100%
2022 Jim Yosef Samurai 4,1M
100%
2019 Prismo Stronger (Raiko Remix) 9,8M
100%
2024 Skybreak, Keepsake Comet 351K
80%
2017 T, Sugah, MVE Sleepless 3,5M
80%
2023 Zack Merci, Nieko,Bixk Trey Kadak 926K
60%
2021 Cartoon, Jeja, Daniel Levi On & On (HAVSUN & WAYOUT VIP) 3,4M
60%
2020 ROY KNOX, WTCHOUT, Svniivan Shadows 4M
60%
No matching quizzes found
Score Distribution
Percent of People with Each Score
Percentile by Number Answered
Your Score History
You have not taken this quiz